000 00509nam a2200169 a 4500
001 0665
005 20140414132036.0
008 040915s19uu xx 00 eng d
020 _a0-86438-386-X
050 _aTR
_bT22 1992
245 _aTeddy bear :
_bthe ultimate sticker album.
260 _aLondon :
_bDorling Kindersley Book,
_c1992.
300 _a1 v. (unp.) : ill. ; cm.
520 _aCreate your own photo album over 60 reusable colour stickers.
650 _aBears
_xactivities.
999 _c113736
_d113736